Plastics in furniture (Record no. 35448)

MARC details
000 -LEADER
fixed length control field 00294nam a2200121Ia 4500
082 ## - DEWEY DECIMAL CLASSIFICATION NUMBER
Classification number 678.5
Item number BUT
245 #0 - TITLE STATEMENT
Title Plastics in furniture
260 ## - PUBLICATION, DISTRIBUTION, ETC. (IMPRINT)
Place of publication London
Name of publisher Applied Science
Year of publication 1976
650 ## - SUBJECT ADDED ENTRY--TOPICAL TERM
Topical Term Upholstery
700 ## - ADDED ENTRY--PERSONAL NAME
Personal name Buttrey, D N
942 ## - ADDED ENTRY ELEMENTS (KOHA)
Koha item type Books
Holdings
Withdrawn status Lost status Damaged status Not for loan Home library Current library Date acquired Full call number Accession Number Koha item type
        RRII Library RRII Library 16/12/2021 678.5 BUT 15872 Books